000 01202naa a22003617a 4500
001 BR9510668
003 BR-BrBNA
005 20240918181759.0
007 ta
008 230509b bl.||||| |||| 00| 0 por d
040 _aBR-BrBNA
_bpor
_cBiblioteca Nacional de Agricultura
041 _a(Pt)
072 _aH20
_b2480
090 _aH20 BR9510668
100 1 _aRao, B.S.
100 1 _aRibeiro, J.O.
100 1 _aBezerra, J.L.
100 1 _aVale, F.X.R. do
111 1 _a3. Seminario Nacional da Seringueira
_cManaus, AM (Brazil)
_d23-29 Jun 1980
245 1 _aNovos enfoques sobre o controle das principais doencas foliares em seringueira na Bahia
260 3 _aBrasilia, DF (Brasil):
_c1980.
500 _aAnais do 3. Seminario Nacional da Seringueira Brasilia, DF (Brasil): 1980. p. 234-252 (BR9510668-AM)H20
650 _aSeringueira
650 _aFungo
650 _aPodridao Parda
650 _aDesfolha Artificial
650 _aFungicida
650 _aPulverizacao
650 _aBahia
773 0 _tAnais do 3. Seminario Nacional da Seringueira
_b
_wH20 BR9510668
_gBrasilia, DF (Brasil), 1980. p. 234-252
909 _a202404
_bLucia
_c55
_dLucia Elande
942 _cAM
_2AGRIS
999 _c326790
_d326790